Microsoft Office Communications Server 2007 resource kit/ (Record no. 10651)

MARC details
000 -LEADER
fixed length control field 00844 a2200241 4500
005 - DATE AND TIME OF LATEST TRANSACTION
control field 20090827120413.0
008 - FIXED-LENGTH DATA ELEMENTS--GENERAL INFORMATION
fixed length control field 090827t xxu||||| |||| 00| 0 eng d
010 ## - LCCN (DPL NO)
LC control number ENG-89447
020 ## - INTERNATIONAL STANDARD BOOK NUMBER
International Standard Book Number 8120334625
Terms of availability 650.00
035 ## - SYSTEM CONTROL NUMBER
System control number EN-72980
037 ## - SOURCE OF ACQUISITION
Source of stock number/acquisition DBAD / PUB
082 ## - DEWEY DECIMAL CLASSIFICATION NUMBER
Classification number 005.2768
100 ## - MAIN ENTRY--PERSONAL NAME
Personal name Buch, Jeremy
245 ## - TITLE STATEMENT
Title Microsoft Office Communications Server 2007 resource kit/
Statement of responsibility, etc by Jeremy Buch, Rui Maximo and Jochen Kunert
260 ## - PUBLICATION, DISTRIBUTION, ETC. (IMPRINT)
Place of publication, distribution, etc New Delhi
Name of publisher, distributor, etc Prentice-Hall of India
Date of publication, distribution, etc 2008
270 ## - ADDRESS
Address M-97, Connaught Circus,
City New Delhi
State or province Delhi
Postal code 110001
300 ## - PHYSICAL DESCRIPTION
Extent xxiv, 758p.
Dimensions 24cm. (Pbk)
Accompanying material CD-ROM
500 ## - GENERAL NOTE
General note Includes index.
700 ## - ADDED ENTRY--PERSONAL NAME
Personal name Maximo, Rui
700 ## - ADDED ENTRY--PERSONAL NAME
Personal name Kunert, Jochen
942 ## - ADDED ENTRY ELEMENTS (KOHA)
Institution code [OBSOLETE] dpl
Item type English Books
Call number prefix 005.2768/ BUC
Source of classification or shelving scheme Dewey Decimal Classification
Holdings
Withdrawn status Lost status Source of classification or shelving scheme Damaged status Not for loan Collection code Home library Current library Cost, normal purchase price Total Checkouts Full call number Barcode Date last seen Copy number Cost, replacement price Koha item type
    Dewey Decimal Classification   Not For Loan Non-fiction D.B.Act.Division D.B.Act.Division 650.00   005.2768 BUC EN-72980 15/09/2008 1 650.00 English Books

© Delhi Public Library
Hit Counter
free hit counter